| 000 | 01047ngm a2200169 a 4500 | ||
|---|---|---|---|
| 005 | 20210223124326.0 | ||
| 008 | 010830s1989 mx 028 aaspa d | ||
| 035 | _aUPN01000110771 | ||
| 049 | _aAV | ||
| 050 | 4 | _aPVI H 01074 | |
| 245 | 0 | 0 |
_aCálculos por computadora : _bhojas electrónicas de cálculo. |
| 260 |
_aMéxico : _bPelículas Ebesa [distribuidor] _c[1989]. |
||
| 300 |
_a1 videocasete (VHS) (28 min.) : _bson., col. |
||
| 520 | _a"Don Bricklin, el creador de Visicalc, el primer programa de hojas de cálculo que tuvo éxito, explica las funciones matemáticas, estadísticas y financieras de las hojas electrónicas de cálculo. Muestra las características clave de los programas de hojas de cálculo, incluyendo las filas y columnas, los textos y la información numérica y las fórmulas. Se muestran también las diferentes plantillas de las hojas de cálculo, las comunicaciones de los datos en las hojas de cálculo y la integración de las técnicas" | ||
| 650 | 4 |
_aHOJAS DE CALCULO ELECTRONICAS _9292 |
|
| 905 | _aAudiovisuales | ||
| 999 |
_c84680 _d84680 |
||